[Event "Conil op 1st"]
[Site "Conil de la Frontera"]
[Date "2021.07.16"]
[Round "2"]
[White "Montero Campuzano, Rafael"]
[Black "Espinosa Aranda, Angel"]
[Result "0-1"]
[WhiteElo "2005"]
[BlackElo "2479"]
[PlyCount "52"]
[EventDate "2021.07.15"]
[EventType "swiss"]
[EventRounds "7"]
[EventCountry "ESP"]
[SourceTitle "CBM 203 Extra"]
[Source "ChessBase"]
[SourceDate "2021.09.30"]
[SourceVersion "1"]
[SourceVersionDate "2021.09.30"]
[SourceQuality "1"]

1. e4 c5 2. Nf3 d6 3. c3 Nf6 4. Be2 Nbd7 5. d3 b6 6. 0-0 Bb7 7. Nbd2 g6 8. Nc4 Bg7 9. a4 0-0 10. Bg5 Qc7 11. Qd2 d5 12. exd5 Bxd5 13. Bf4 Qb7 14. Nce5 Rad8 15. Ne1 Nxe5 16. Bxe5 Rd7 17. Qc2 Rfd8 18. d4 Be4 19. Bd3 cxd4 20. Bxd4 e5 21. Bxe4 Nxe4 22. Be3 Nd2 23. Bxd2 Rxd2 24. Qb3 Qd5 25. c4 Qc5 26. Nc2 R8d3 0-1

[Event "Seville-ch"]
[Site "Seville"]
[Date "2017.03.18"]
[Round "8"]
[White "Montero Campuzano, Rafael"]
[Black "Rodriguez del Cerro, Ricardo"]
[Result "0-1"]
[WhiteElo "2062"]
[BlackElo "1870"]
[PlyCount "70"]
[EventDate "2017.01.28"]
[EventType "swiss"]
[EventRounds "9"]
[EventCountry "ESP"]
[SourceTitle "EXT 2018"]
[Source "ChessBase"]
[SourceDate "2017.10.13"]
[SourceVersion "1"]
[SourceVersionDate "2017.10.13"]
[SourceQuality "1"]

1. e4 e6 2. d4 d5 3. Nc3 Nf6 4. Bg5 Be7 5. e5 Nfd7 6. Bxe7 Qxe7 7. f4 0-0 8. Nf3 c5 9. Be2 Nc6 10. Qd2 f6 11. f5 cxd4 12. Nxd4 Nxd4 13. Qxd4 fxe5 14. Qd3 d4 15. Nb5 a6 16. fxe6 Nc5 17. Qg3 axb5 18. Qxe5 Nxe6 19. Rf1 Rxf1+ 20. Kxf1 Qc7 21. Qxc7 Nxc7 22. Rd1 Ne6 23. a3 Bd7 24. c3 dxc3 25. bxc3 Bc6 26. c4 Nf4 27. cxb5 Bxg2+ 28. Kf2 Nxe2 29. Kxg2 Nc3 30. Rd2 Rb8 31. b6 Na4 32. Rd6 Kf8 33. Kf3 Ke7 34. Rd4 Nxb6 35. Rh4 Ra8 0-1

[Event "Seville-ch"]
[Site "Seville"]
[Date "2017.03.11"]
[Round "7"]
[White "Gentes Benito, Angel"]
[Black "Montero Campuzano, Rafael"]
[Result "1-0"]
[WhiteElo "1858"]
[BlackElo "2062"]
[PlyCount "137"]
[EventDate "2017.01.28"]
[EventType "swiss"]
[EventRounds "9"]
[EventCountry "ESP"]
[SourceTitle "EXT 2018"]
[Source "ChessBase"]
[SourceDate "2017.10.13"]
[SourceVersion "1"]
[SourceVersionDate "2017.10.13"]
[SourceQuality "1"]

1. e4 c5 2. Nf3 d6 3. c3 Nf6 4. Be2 Nc6 5. d4 cxd4 6. cxd4 Nxe4 7. d5 Qa5+ 8. Nc3 Nxc3 9. bxc3 Nb8 10. 0-0 Nd7 11. Re1 Nf6 12. Qb3 g6 13. Bg5 Bg7 14. Bb5+ Kf8 15. c4 h6 16. Bd2 Qb6 17. Be3 Qc7 18. Rac1 Ng4 19. Bf4 Qc5 20. Bg3 Nf6 21. Bf4 Ng4 22. Re2 g5 23. Bd2 Ne5 24. Nxe5 Bxe5 25. Bb4 Qd4 26. Rxe5 Qxe5 27. Re1 Qf4 28. c5 Bf5 29. g3 Qg4 30. cxd6 exd6 31. Bxd6+ Kg7 32. Be7 Qd4 33. d6 Rac8 34. Qf3 Qd2 35. Re5 Rc1+ 36. Kg2 Bg6 37. Bf6+ Kh7 38. Bxh8 Qd1 39. Qxd1 Rxd1 40. Bf6 Rxd6 41. Be7 Rd2 42. Re2 Rd5 43. Bc4 Rd4 44. Bb3 Bd3 45. Bc2 Bxc2 46. Rxc2 Rd7 47. Bb4 Kg6 48. h3 f5 49. Re2 Kf7 50. Re5 Kf6 51. Bc3 Kg6 52. g4 fxg4 53. hxg4 Rc7 54. Bd4 a6 55. Re6+ Kh7 56. Bf6 Rc4 57. Kg3 Ra4 58. Re2 Ra3+ 59. f3 b5 60. Be7 Ra4 61. a3 Rc4 62. Bb4 Rc6 63. Rd2 Rc7 64. Rd6 Ra7 65. Re6 Ra8 66. Ba5 Ra7 67. Rc6 Ra8 68. Kf2 Kg7 69. Bc3+ 1-0

[Event "Seville-ch"]
[Site "Seville"]
[Date "2017.02.04"]
[Round "2"]
[White "Montero Campuzano, Rafael"]
[Black "Dorado Morales, Antonio Damian"]
[Result "1-0"]
[WhiteElo "2062"]
[BlackElo "1885"]
[PlyCount "49"]
[EventDate "2017.01.28"]
[EventType "swiss"]
[EventRounds "9"]
[EventCountry "ESP"]
[SourceTitle "EXT 2018"]
[Source "ChessBase"]
[SourceDate "2017.10.13"]
[SourceVersion "1"]
[SourceVersionDate "2017.10.13"]
[SourceQuality "1"]

1. e4 c5 2. Nf3 d6 3. d4 cxd4 4. Nxd4 Nf6 5. Nc3 a6 6. Be2 e6 7. 0-0 Be7 8. f4 Nc6 9. Nxc6 bxc6 10. Be3 Qc7 11. g4 d5 12. g5 Nd7 13. f5 Nb6 14. Qd4 c5 15. Qxg7 Rf8 16. exd5 Bd6 17. fxe6 Bxh2+ 18. Kh1 Be5 19. exf7+ Ke7 20. Bxc5+ Qxc5 21. Qxe5+ Kd8 22. Qf6+ Kc7 23. Bf3 Ra7 24. Ne4 Qxd5 25. Qf4+ 1-0

[Event "Seville-ch"]
[Site "Seville"]
[Date "2014.02.15"]
[Round "4.3"]
[White "Montero Campuzano, Rafael"]
[Black "Silva Lucena, Cristian"]
[Result "0-1"]
[WhiteElo "2103"]
[BlackElo "2126"]
[PlyCount "50"]
[EventDate "2014.01.25"]
[EventType "swiss"]
[EventRounds "9"]
[EventCountry "ESP"]
[SourceTitle "EXT 2024"]
[Source "ChessBase"]
[SourceDate "2023.10.10"]
[SourceVersion "1"]
[SourceVersionDate "2023.10.10"]
[SourceQuality "1"]

1. d4 d5 2. Nf3 c6 3. Nc3 Bf5 4. Bf4 e6 5. e3 Bd6 6. Ne5 h5 7. Be2 Nf6 8. 0-0 Qc7 9. Bf3 g5 10. Bxg5 Ng4 11. Bxg4 hxg4 12. Bf4 f6 13. Nd3 Bxf4 14. Nxf4 Qh7 15. Re1 Qxh2+ 16. Kf1 e5 17. dxe5 fxe5 18. Ncxd5 exf4 19. exf4+ Kf8 20. Ne3 Na6 21. Qd6+ Kf7 22. Nxf5 Qh1+ 23. Ke2 Rhe8+ 24. Ne3 Qxg2 25. Qd7+ Kg8 0-1

[Event "Seville-ch"]
[Site "Seville"]
[Date "2013.01.29"]
[Round "4"]
[White "Gutierrez Valero, Mario"]
[Black "Montero Campuzano, Rafael"]
[Result "1-0"]
[WhiteElo "2173"]
[BlackElo "2048"]
[PlyCount "85"]
[EventDate "2013.01.26"]
[EventType "swiss"]
[EventRounds "6"]
[EventCountry "ESP"]
[SourceTitle "EXT 2014"]
[Source "ChessBase"]
[SourceDate "2013.11.20"]
[SourceVersion "1"]
[SourceVersionDate "2013.11.20"]
[SourceQuality "1"]

1. d4 Nf6 2. c4 e6 3. g3 Bb4+ 4. Bd2 c5 5. Bxb4 cxb4 6. Bg2 0-0 7. e4 d6 8. Ne2 e5 9. 0-0 Bg4 10. f3 Be6 11. Qd3 a5 12. Nd2 Na6 13. Rfd1 Qc7 14. Rac1 Rac8 15. b3 Nh5 16. Nf1 Qe7 17. Ne3 g6 18. f4 exf4 19. gxf4 Rce8 20. Rf1 f5 21. e5 Bc8 22. Rce1 dxe5 23. fxe5 f4 24. Nd5 Qh4 25. Qf3 Bg4 26. Qf2 Qxf2+ 27. Rxf2 g5 28. h3 Bxe2 29. Rexe2 Ng3 30. Rd2 Kg7 31. Nf6 Re7 32. Bf3 Nb8 33. Bg4 Nc6 34. Rd1 Rd8 35. Nd5 Ree8 36. Rfd2 h5 37. Bf3 Kg6 38. Re1 Kf5 39. Bd1 g4 40. h4 Rf8 41. e6 Rde8 42. Bc2+ Ne4 43. Bxe4+ 1-0

[Event "Cadiz la Sal op 25th"]
[Site "San Fernando"]
[Date "2012.07.15"]
[Round "4"]
[White "Montero Campuzano, Rafael"]
[Black "Roman Sanchez, Jesus Maria"]
[Result "0-1"]
[WhiteElo "2083"]
[BlackElo "2054"]
[PlyCount "102"]
[EventDate "2012.07.14"]
[EventType "swiss"]
[EventRounds "7"]
[EventCountry "ESP"]
[SourceTitle "EXT 2024"]
[Source "ChessBase"]
[SourceDate "2023.10.10"]
[SourceVersion "1"]
[SourceVersionDate "2023.10.10"]
[SourceQuality "1"]

1. c4 c6 2. g3 d5 3. Bg2 Nf6 4. Nf3 e6 5. 0-0 Bc5 6. d4 Bd6 7. Qc2 0-0 8. Nc3 Nbd7 9. e4 Nxe4 10. Nxe4 dxe4 11. Qxe4 Nf6 12. Qc2 c5 13. Rd1 Qc7 14. dxc5 Qxc5 15. a3 Qc7 16. b4 Bd7 17. Bb2 Rad8 18. Ng5 Be5 19. Bd4 Bxd4 20. Rxd4 h6 21. Ne4 Nxe4 22. Bxe4 Ba4 23. Qd2 Rxd4 24. Qxd4 b6 25. c5 Rd8 26. Qc3 bxc5 27. bxc5 Bc6 28. Bxc6 Qxc6 29. Qa5 Rd7 30. a4 Rc7 31. Rc1 Kh7 32. Qb5 Kg6 33. Qd3+ f5 34. Qb5 Kf6 35. Qb2+ Kf7 36. Qe5 Rd7 37. a5 Rd5 38. Qb8 Rd7 39. Qb4 Rc7 40. g4 Kg6 41. gxf5+ exf5 42. Qf4 Kf6 43. Rc3 Rd7 44. Rc1 Qe4 45. Qxe4 fxe4 46. Rb1 Rc7 47. Rb6+ axb6 48. cxb6 Rc1+ 49. Kg2 Rb1 50. Kg3 Ke5 51. h4 Rb5 0-1

[Event "Pontevedra Carlos op 3rd"]
[Site "Pontevedra"]
[Date "2011.06.29"]
[Round "5.5"]
[White "Montero Campuzano, Rafael"]
[Black "Ortiz Suarez, Isan Reynaldo"]
[Result "0-1"]
[WhiteElo "2139"]
[BlackElo "2569"]
[PlyCount "100"]
[EventDate "2011.06.25"]
[EventType "swiss"]
[EventRounds "9"]
[EventCountry "ESP"]
[SourceTitle "EXT 2024"]
[Source "ChessBase"]
[SourceDate "2023.10.10"]
[SourceVersion "1"]
[SourceVersionDate "2023.10.10"]
[SourceQuality "1"]

1. c4 c5 2. g3 g6 3. Bg2 Bg7 4. Nc3 Nc6 5. a3 d6 6. Rb1 e6 7. b4 Nge7 8. Nf3 0-0 9. 0-0 b6 10. e3 Bb7 11. Ne1 Qd7 12. Nc2 Ne5 13. Qe2 cxb4 14. Nb5 Bxg2 15. Kxg2 Rfc8 16. d3 d5 17. Rd1 dxc4 18. dxc4 Qc6+ 19. e4 Qxc4 20. Qxc4 Rxc4 21. Ne3 Rc5 22. Rxb4 a6 23. Nd6 b5 24. Rb1 Rb8 25. Bd2 N5c6 26. h3 h5 27. f4 Nc8 28. e5 Nxd6 29. exd6 Rd8 30. Be1 Bd4 31. Bb4 Nxb4 32. Rxd4 Nd5 33. Nxd5 exd5 34. a4 Rxd6 35. axb5 axb5 36. Rdb4 Rb6 37. Kf3 Kf8 38. R1b3 Ke7 39. g4 hxg4+ 40. hxg4 Kd6 41. f5 gxf5 42. gxf5 Ke5 43. Re3+ Kxf5 44. Rf4+ Kg6 45. Rg4+ Kf6 46. Rh4 Kg7 47. Re8 Rc3+ 48. Kf2 Rf6+ 49. Kg2 Ra6 50. Rg4+ Rg6 0-1

[Event "Andalucia-ch"]
[Site "Roquetas Almeria"]
[Date "2011.05.27"]
[Round "5.15"]
[White "Capel Fernandez, Manuel"]
[Black "Montero Campuzano, Rafael"]
[Result "0-1"]
[WhiteElo "1938"]
[BlackElo "2139"]
[PlyCount "52"]
[EventDate "2011.05.14"]
[EventType "swiss"]
[EventRounds "8"]
[EventCountry "ESP"]
[SourceTitle "EXT 2024"]
[Source "ChessBase"]
[SourceDate "2023.10.10"]
[SourceVersion "1"]
[SourceVersionDate "2023.10.10"]
[SourceQuality "1"]

1. e4 c5 2. Nf3 d6 3. d4 cxd4 4. Nxd4 Nf6 5. Nc3 a6 6. Be3 Ng4 7. Bc1 Nf6 8. Be3 e5 9. Nb3 Be6 10. f3 Nbd7 11. Qd2 Nb6 12. g4 Nfd7 13. Na5 Qc7 14. Nd5 Bxd5 15. exd5 Be7 16. g5 Rc8 17. Bh3 Nc4 18. Nxc4 Qxc4 19. Rg1 Qxc2 20. Qb4 Nc5 21. Kf1 Qd3+ 22. Kf2 a5 23. Qxa5 Ne4+ 24. Kg2 Qe2+ 25. Kh1 Qxf3+ 26. Bg2 Nf2+ 0-1

[Event "Seville op 36th"]
[Site "Seville"]
[Date "2011.01.14"]
[Round "8"]
[White "Montero Campuzano, Rafael"]
[Black "Ladron de Guevara Pinto, Paolo"]
[Result "0-1"]
[WhiteElo "2069"]
[BlackElo "2267"]
[PlyCount "94"]
[EventDate "2011.01.07"]
[EventType "swiss"]
[EventRounds "9"]
[EventCountry "ESP"]
[SourceTitle "CBM 140 Extra"]
[Source "ChessBase"]
[SourceDate "2011.03.01"]
[SourceVersion "1"]
[SourceVersionDate "2011.03.01"]
[SourceQuality "1"]

1. c4 c5 2. g3 g6 3. Bg2 Bg7 4. Nc3 e5 5. Nf3 Ne7 6. 0-0 0-0 7. a3 Nbc6 8. Rb1 a5 9. d3 d6 10. Bd2 f5 11. Nd5 Nxd5 12. cxd5 Ne7 13. b4 axb4 14. axb4 b6 15. Bg5 h6 16. Bxe7 Qxe7 17. Nd2 Ba6 18. b5 Bc8 19. Qb3 h5 20. e4 f4 21. Ra1 Rb8 22. Ra4 Bh6 23. Nf3 Bg4 24. Qa2 Qd7 25. Ra6 fxg3 26. fxg3 Qxb5 27. Qc4 Qd7 28. Nh4 Be3+ 29. Kh1 Rxf1+ 30. Bxf1 Qf7 31. Bg2 Rf8 32. Ra1 Bd4 33. Rb1 Qf2 34. Qc1 Be3 35. Qe1 Qxe1+ 36. Rxe1 Bd4 37. Nxg6 Rf7 38. h3 Bd7 39. Rf1 b5 40. Nh4 b4 41. Rxf7 Kxf7 42. Bf3 Ba4 43. Bxh5+ Kg8 44. Nf3 Bc3 45. Ng1 b3 46. Bd1 b2 47. Bxa4 b1Q 0-1

[Event "Seville op 36th"]
[Site "Seville"]
[Date "2011.01.08"]
[Round "2"]
[White "Montero Campuzano, Rafael"]
[Black "Campora, Daniel Hugo"]
[Result "0-1"]
[WhiteElo "2069"]
[BlackElo "2488"]
[PlyCount "65"]
[EventDate "2011.01.07"]
[EventType "swiss"]
[EventRounds "9"]
[EventCountry "ESP"]
[SourceTitle "CBM 140 Extra"]
[Source "ChessBase"]
[SourceDate "2011.03.01"]
[SourceVersion "1"]
[SourceVersionDate "2011.03.01"]
[SourceQuality "1"]

1. c4 e5 2. g3 Nf6 3. Bg2 c6 4. d4 exd4 5. Qxd4 d5 6. cxd5 cxd5 7. Nc3 Nc6 8. Qa4 Be7 9. Nf3 0-0 10. 0-0 Bd7 11. Qb3 d4 12. Nd5 Nxd5 13. Qxd5 Be6 14. Qh5 Qd7 15. Ng5 Bf5 16. Bf4 f6 17. Ne4 g5 18. Bd2 Ne5 19. f3 Nc4 20. Bc1 d3 21. exd3 Qxd3 22. Kh1 Ne5 23. Nf2 Qe2 24. Bf4 Nc6 25. Rae1 Qxb2 26. Bc1 Qxa2 27. f4 Bg6 28. Qh3 Bb4 29. Rd1 Rad8 30. Ne4 g4 31. Qh4 Rxd1 32. Rxd1 Qe2 33. Rf1 0-1

[Event "Seville op 35th"]
[Site "Seville"]
[Date "2010.01.09"]
[Round "2"]
[White "Hickl, Joerg"]
[Black "Montero Campuzano, Rafael"]
[Result "1-0"]
[WhiteElo "2572"]
[BlackElo "2089"]
[PlyCount "34"]
[EventDate "2010.01.08"]
[EventType "swiss"]
[EventRounds "9"]
[EventCountry "ESP"]
[SourceTitle "CBM 134 Extra"]
[Source "ChessBase"]
[SourceDate "2010.03.03"]
[SourceVersion "1"]
[SourceVersionDate "2010.03.03"]
[SourceQuality "1"]

1. g3 c5 2. Bg2 Nc6 3. Nf3 g6 4. c3 Bg7 5. 0-0 e5 6. d3 Nge7 7. a3 b6 8. b4 a6 9. Nbd2 d5 10. Rb1 cxb4 11. axb4 0-0 12. Bb2 Ra7 13. c4 Nd4 14. cxd5 Nxd5 15. Nc4 Bg4 16. Re1 Bxf3 17. exf3 Nxb4 1-0

[Event "Calvia Amateur op 6th"]
[Site "Calvia"]
[Date "2009.10.12"]
[Round "2"]
[White "Spence, David"]
[Black "Montero Campuzano, Rafael"]
[Result "1-0"]
[WhiteElo "2223"]
[BlackElo "2066"]
[PlyCount "37"]
[EventDate "2009.10.10"]
[EventType "swiss"]
[EventRounds "9"]
[EventCountry "ESP"]
[SourceTitle "CBM 132 Extra"]
[Source "ChessBase"]
[SourceDate "2009.11.03"]
[SourceVersion "1"]
[SourceVersionDate "2009.11.03"]
[SourceQuality "1"]

1. e4 c5 2. c3 g6 3. d4 cxd4 4. cxd4 Bg7 5. Nc3 d6 6. h3 a6 7. Nf3 b6 8. Bd3 Bb7 9. 0-0 Nh6 10. Be3 f6 11. d5 Nd7 12. Nd4 Nf8 13. Qd2 Nf7 14. f4 Bh6 15. Rac1 Qd7 16. Ncb5 Rc8 17. Rxc8+ Qxc8 18. Rc1 Qb8 19. Nc7+ 1-0

[Event "Seville op 34th"]
[Site "Seville"]
[Date "2009.01.30"]
[Round "8"]
[White "Montero Campuzano, Rafael"]
[Black "Berbatov, Kiprian"]
[Result "1-0"]
[WhiteElo "2078"]
[BlackElo "2392"]
[PlyCount "49"]
[EventDate "2009.01.23"]
[EventType "swiss"]
[EventRounds "9"]
[EventCountry "ESP"]
[SourceTitle "CBM 128 Extra"]
[Source "ChessBase"]
[SourceDate "2009.03.05"]
[SourceVersion "2"]
[SourceVersionDate "2009.03.25"]
[SourceQuality "1"]

1. e4 c5 2. Nf3 d6 3. d4 cxd4 4. Nxd4 Nf6 5. Nc3 a6 6. Rg1 e6 7. g4 b5 8. g5 Nfd7 9. Be3 Bb7 10. Bh3 b4 11. Na4 Qa5 12. b3 Bxe4 13. Bxe6 fxe6 14. Nxe6 Kf7 15. Nxf8 Rxf8 16. g6+ hxg6 17. Rg5 Qc7 18. f3 Bc6 19. Qd3 Ne5 20. Rxe5 dxe5 21. Qc4+ Ke8 22. Nb6 Ra7 23. 0-0-0 Rb7 24. Qe6+ Qe7 25. Rd8+ 1-0

[Event "Dos Hermanas op 5th"]
[Site "Dos Hermanas"]
[Date "2006.03.31"]
[Round "2"]
[White "Illescas Cordoba, Miguel Angel"]
[Black "Montero Campuzano, Rafael"]
[Result "1-0"]
[WhiteElo "2608"]
[BlackElo "2121"]
[PlyCount "53"]
[EventDate "2006.03.30"]
[EventType "swiss"]
[EventRounds "9"]
[EventCountry "ESP"]
[SourceTitle "CBM 111 Extra"]
[Source "ChessBase"]
[SourceDate "2006.05.09"]
[SourceVersion "1"]
[SourceVersionDate "2006.05.09"]
[SourceQuality "1"]

1. d4 Nf6 2. Nf3 e6 3. c4 d5 4. Nc3 Be7 5. Bg5 h6 6. Bh4 0-0 7. e3 a6 8. Qc2 Nbd7 9. cxd5 exd5 10. Bd3 c6 11. 0-0 Ne8 12. Bg3 Ndf6 13. h3 Nd6 14. Ne5 Be6 15. b3 Rc8 16. Bh2 c5 17. dxc5 Rxc5 18. Qb2 b5 19. Ne2 Qb6 20. Nd4 Rfc8 21. Ng6 Bd8 22. Nxe6 fxe6 23. Be5 Qb8 24. Nf4 Kf7 25. Qe2 Bc7 26. Bxf6 Kxf6 27. Qg4 1-0

[Event "Internet Section 06A g/8'+2\""]
[Site "Dos Hermanas"]
[Date "2004.03.06"]
[Round "2"]
[White "Brun, Jacques L"]
[Black "Montero Campuzano, Rafael"]
[Result "0-1"]
[WhiteElo "1617"]
[BlackElo "2102"]
[PlyCount "80"]
[EventDate "2004.03.06"]
[EventType "swiss (blitz)"]
[EventRounds "9"]
[EventCountry "ESP"]
[SourceTitle "CBM 099 Extra"]
[Source "ChessBase"]
[SourceDate "2004.05.04"]
[SourceVersion "1"]
[SourceVersionDate "2004.05.04"]
[SourceQuality "1"]

1. e4 c5 2. Nf3 d6 3. d4 cxd4 4. Qxd4 Nc6 5. Bb5 Bd7 6. Bxc6 Bxc6 7. Nc3 Nf6 8. Bg5 e6 9. Rd1 Be7 10. 0-0 0-0 11. Bxf6 Bxf6 12. Qxd6 Qxd6 13. Rxd6 Bxc3 14. bxc3 Bxe4 15. Ng5 Bxc2 16. Rc1 Rfd8 17. Rxd8+ Rxd8 18. Kf1 Bd3+ 19. Ke1 Bc4 20. a3 b5 21. Nf3 f6 22. Nd2 Bd3 23. Nb3 Rd5 24. Nd4 e5 25. Nc2 Rc5 26. Nb4 Bf5 27. Kd2 a5 28. Na2 Be6 29. Rc2 Rc4 30. Rb2 Ra4 31. Nc1 Rxa3 32. Rxb5 Ra4 33. Nd3 Ra2+ 34. Rb2 Ra1 35. Ke3 a4 36. Nc5 Bd5 37. Rb4 a3 38. c4 Bc6 39. Rb6 a2 40. Nb3 Rb1 0-1

[Event "Internet Section 06A g/8'+2\""]
[Site "Dos Hermanas"]
[Date "2004.03.06"]
[Round "4"]
[White "Curran, Andrew Daniel"]
[Black "Montero Campuzano, Rafael"]
[Result "0-1"]
[WhiteElo "1590"]
[BlackElo "2102"]
[PlyCount "60"]
[EventDate "2004.03.06"]
[EventType "swiss (blitz)"]
[EventRounds "9"]
[EventCountry "ESP"]
[SourceTitle "CBM 099 Extra"]
[Source "ChessBase"]
[SourceDate "2004.05.04"]
[SourceVersion "1"]
[SourceVersionDate "2004.05.04"]
[SourceQuality "1"]

1. d4 Nf6 2. Nf3 d5 3. e3 c5 4. b3 g6 5. Bb2 Bg7 6. Bd3 0-0 7. Nbd2 b6 8. 0-0 Bb7 9. Ne5 Nc6 10. f4 Nd7 11. Qf3 f6 12. Nxd7 Qxd7 13. a3 e5 14. fxe5 fxe5 15. Qg3 cxd4 16. Bb5 dxe3 17. Nf3 Rae8 18. Ng5 a6 19. Bxc6 Bxc6 20. Qxe3 d4 21. Qg3 Qd5 22. Qh3 h6 23. Nf3 e4 24. Nh4 g5 25. Ng6 Rxf1+ 26. Rxf1 e3 27. Rf5 e2 28. Ne7+ Rxe7 29. Rf8+ Bxf8 30. Qg3 e1Q+ 0-1

[Event "IECG CM.2003.0.00235 email"]
[Site "IECG email"]
[Date "2003.11.12"]
[Round "?"]
[White "Montero Campuzano, Rafael"]
[Black "Dyakov, Alexander V"]
[Result "0-1"]
[WhiteElo "2218"]
[BlackElo "2262"]
[PlyCount "46"]
[EventDate "2003.11.12"]
[EventType "tourn (corr)"]
[EventRounds "6"]
[SourceTitle "Corr 2008"]
[Source "ChessBase"]
[SourceDate "2008.06.24"]
[SourceVersion "1"]
[SourceVersionDate "2008.06.24"]
[SourceQuality "1"]

1. Nf3 d5 2. d4 Nf6 3. c4 c6 4. Nc3 dxc4 5. a4 Bf5 6. Nh4 Bd7 7. e4 e6 8. Nf3 b5 9. e5 Nd5 10. Ne4 Be7 11. Be2 0-0 12. 0-0 h6 13. g4 f5 14. exf6 Nxf6 15. Nxf6+ Bxf6 16. Ne5 a5 17. Be3 Na6 18. Bf3 Nc7 19. axb5 Bxe5 20. dxe5 Nd5 21. Rc1 Rf7 22. Rxc4 cxb5 23. Rd4 Bc6 0-1

[Event "Seville op 24th"]
[Site "Seville"]
[Date "1999.??.??"]
[Round "6"]
[White "Rodriguez Cespedes, Amador"]
[Black "Montero Campuzano, Rafael"]
[Result "1-0"]
[WhiteElo "2495"]
[BlackElo "2175"]
[PlyCount "68"]
[EventDate "1999.01.??"]
[EventType "swiss"]
[EventRounds "9"]
[EventCountry "ESP"]
[SourceTitle "EXT 2000"]
[Source "ChessBase"]
[SourceDate "1999.11.16"]
[SourceVersion "1"]
[SourceVersionDate "1999.11.16"]
[SourceQuality "1"]

1. e4 g6 2. d4 Bg7 3. Nc3 d6 4. Nf3 c6 5. Be3 b5 6. Bd3 Nd7 7. a4 b4 8. Nb1 a5 9. Qe2 Ngf6 10. Nbd2 0-0 11. h3 Qc7 12. 0-0 Bb7 13. Rfc1 Rfc8 14. c3 Qb6 15. Nc4 Qc7 16. cxb4 axb4 17. e5 Nd5 18. Bd2 Nf8 19. Be4 Ba6 20. Qe1 Qb8 21. Na5 Qb6 22. Nxc6 Rxc6 23. Bxd5 Rxc1 24. Rxc1 Bb7 25. Bxb7 Qxb7 26. b3 Qd5 27. Qe3 dxe5 28. dxe5 Nd7 29. Bxb4 Rb8 30. Bxe7 Nxe5 31. Nxe5 Bxe5 32. b4 Re8 33. Bf6 Bh2+ 34. Kxh2 Qd6+ 1-0